|
|
|
|
| LEADER |
00000nam0a2200000 4500 |
| 001 |
375084 |
| 005 |
20250113121024.0 |
| 035 |
|
|
|a (RuTPU)RU\TPU\retro\32519
|
| 035 |
|
|
|a RU\TPU\book\226975
|
| 090 |
|
|
|a 375084
|
| 100 |
|
|
|a 20221220d1979 km y0rusy50 ca
|
| 101 |
0 |
|
|a rus
|
| 102 |
|
|
|a RU
|
| 105 |
|
|
|a a z 000yy
|
| 181 |
|
0 |
|a i
|b e
|
| 182 |
|
0 |
|a n
|
| 183 |
|
0 |
|a nc
|2 RDAcarrier
|
| 200 |
0 |
|
|a Кн. 2
|
| 203 |
|
|
|a Текст
|b визуальный
|c непосредственный
|
| 210 |
|
|
|d 1979
|
| 215 |
|
|
|a 272 с.
|c ил.
|
| 283 |
|
|
|a volume
|2 RDAcarrier
|
| 461 |
|
|
|0 678109
|9 678109
|a Перельман, Яков Исидорович
|t Занимательная физика
|o в 2 кн.
|f Я. И. Перельман
|e 20-е изд., стер.
|c Москва
|n Наука
|d 1979
|v Кн. 2
|
| 606 |
1 |
|
|a Физика занимательная
|2 stltpush
|3 (RuTPU)RU\TPU\subj\63718
|9 80696
|
| 610 |
1 |
|
|a физика
|
| 610 |
1 |
|
|a занимательная физика
|
| 610 |
1 |
|
|a основные законы механики
|
| 610 |
1 |
|
|a сила
|
| 610 |
1 |
|
|a работа
|
| 610 |
1 |
|
|a трение
|
| 610 |
1 |
|
|a круговое движение
|
| 610 |
1 |
|
|a всемирное тяготение
|
| 610 |
1 |
|
|a магнетизм
|
| 610 |
1 |
|
|a электричество
|
| 610 |
1 |
|
|a тепловые явления
|
| 610 |
1 |
|
|a жидкости
|
| 610 |
1 |
|
|a газы
|
| 610 |
1 |
|
|a отражение света
|
| 610 |
1 |
|
|a преломление света
|
| 610 |
1 |
|
|a зрение
|
| 610 |
1 |
|
|a звук
|
| 610 |
1 |
|
|a волнообразное движение
|
| 675 |
|
|
|a 53-8
|v 4
|
| 801 |
|
1 |
|a RU
|b 63413507
|c 20050117
|g PSBO
|
| 801 |
|
2 |
|a RU
|b 63413507
|c 20221220
|g PSBO
|
| 942 |
|
|
|c BK
|